Beekeeping for honey production in Sri Lanka : Management of of Asiatic hive honeybee Apis cerana in its natural tropical monsoonal environmental
Bewaard in:
| Hoofdauteur: | |
|---|---|
| Formaat: | Boek |
| Taal: | Undetermined |
| Gepubliceerd in: |
Peradeniya, Sri Lanka
Sri Lanka Dept. of Agriculture
1994
|
| Onderwerpen: | |
| Tags: |
Voeg label toe
Geen labels, Wees de eerste die dit record labelt!
|
| Thư viện lưu trữ: | Trung tâm Học liệu Trường Đại học Cần Thơ |
|---|
| LEADER | 00690nam a2200205Ia 4500 | ||
|---|---|---|---|
| 001 | CTU_126540 | ||
| 008 | 210402s9999 xx 000 0 und d | ||
| 082 | |a 638.1 | ||
| 082 | |b P984 | ||
| 100 | |a Punchihewa, Ranjith Wasantha Kumara | ||
| 245 | 0 | |a Beekeeping for honey production in Sri Lanka : | |
| 245 | 0 | |b Management of of Asiatic hive honeybee Apis cerana in its natural tropical monsoonal environmental | |
| 245 | 0 | |c R. W. K. Punchihewa | |
| 260 | |a Peradeniya, Sri Lanka | ||
| 260 | |b Sri Lanka Dept. of Agriculture | ||
| 260 | |c 1994 | ||
| 650 | |a Bee culture | ||
| 650 | |z Sri Lanka | ||
| 904 | |i M.Loan, Huỳnh Mai | ||
| 980 | |a Trung tâm Học liệu Trường Đại học Cần Thơ | ||